000 nam a22 7a 4500
999 _c332144
_d332144
003 NUST
005 20171115105019.0
008 171115b xxu||||| |||| 00| 0 eng d
040 _c0
082 _a628.4 NIS
245 _aWaste Minimization (Environmental Technology):
_bTextbook series for diploma of associate engineer ENV-222
260 _aIslamabad
_bNBF, NISTE
_c2002.
300 _a213p.
500 _aP.B
942 _2ddc
_cBK
_kIESE